Statistics for Countries That End In L

Click here to take the quiz!

General Stats

  • This quiz has been taken 55 times
  • The average score is 4 of 5

Answer Stats

Answer% Correct
Nepal
86%
Brazil
73%
Portugal
73%
Senegal
68%
Israel
66%

Score Distribution

Percentile by Number Answered

Percent of People with Each Score

Your Score History

You have not taken this quiz